| 000 | 01618nam a22003617a 4500 | ||
|---|---|---|---|
| 005 | 20110727124333.0 | ||
| 008 | 110727t xxu||||| |||| 00| 0 eng d | ||
| 010 | _aB-441093 | ||
| 020 |
_a9781843538646 _c799.00 |
||
| 035 | _aB-441093 | ||
| 040 |
_aDPL _bEnglish |
||
| 050 | 0 | 0 | _aDS485.R2 |
| 082 | 0 | 4 |
_a915.40453 _222 |
| 100 |
_aJacobs, Daniel _930158 |
||
| 222 | 4 | _aThe rough guide to Rajasthan, Delhi and Agra | |
| 245 | 0 | 4 |
_aThe rough guide to Rajasthan, Delhi and Agra. _cwitten by Daniel Jacobs and Gavin Thomas |
| 246 | 3 | 0 | _aRajasthan, Delhi and Agra |
| 260 |
_aNew Delhi : _bRough Guides, _c2007- |
||
| 300 |
_a463p. _bill. (some col.), maps (some col.) ; _c20 cm. (Pbk) |
||
| 362 | 0 | _a1st ed. (2007)- | |
| 500 | _a1st ed. (2007)- written and researched by Daniel Jacobs and Gavin Thomas. | ||
| 651 | 0 |
_aRajasthan (India) _vGuidebooks. _930159 |
|
| 651 | 0 |
_aDelhi (India) _vGuidebooks. _930160 |
|
| 651 | 0 |
_aAgra (India) _vGuidebooks. _930161 |
|
| 700 | 1 |
_aJacobs, Daniel, _d1959- _930162 |
|
| 700 | 1 |
_aThomas, Gavin. _930163 |
|
| 906 | _a7 | ||
| 942 |
_2ddc _cEN _h915.40453 _mJAC |
||
| 999 |
_c54443 _d54443 |
||